Programas de Educación para el trabajo : 1983 /
| Autor Principal: | |
|---|---|
| Formato: | Libro |
| Idioma: | lingua descoñecida ou non válida |
| Publicado: |
San José, Costa Rica :
Ministerio de Educación Pública,
1984
|
| Subjects: |
MARC
| LEADER | 00000nam a2200000Ia 4500 | ||
|---|---|---|---|
| 008 | 141002s1984 cr 000 | und d | ||
| 999 | |c 1784 |d 1784 | ||
| 090 | |a 06.03.06 |b 260 | ||
| 100 | 1 | |a Brenes Mesén, Roberto |9 3593 | |
| 245 | 1 | 0 | |a Programas de Educación para el trabajo : 1983 / |c Roberto Brenes Mesén |
| 260 | |a San José, Costa Rica : |b Ministerio de Educación Pública, |c 1984 | ||
| 300 | |a 148 páginas | ||
| 650 | 1 | 4 | |a EDUCACIÓN PRIMARIA |9 367 |
| 650 | 1 | 4 | |a PROGRAMA DE ESTUDIOS |9 1364 |
| 942 | |i 00338 |h 06.03.06 260 |2 z |c 01 | ||
